Photography with a Leica (Record no. 589952)

MARC details
000 -LEADER
fixed length control field 00377nam a2200145Ia 4500
008 - FIXED-LENGTH DATA ELEMENTS--GENERAL INFORMATION
fixed length control field 100415s9999 xx 000 0 und d
082 ## - DEWEY DECIMAL CLASSIFICATION NUMBER
Item number 6990
Classification number 770
100 ## - MAIN ENTRY--PERSONAL NAME
Personal name Cash J Allan
245 ## - TITLE STATEMENT
Title Photography with a Leica
260 ## - PUBLICATION, DISTRIBUTION, ETC. (IMPRINT)
Place of publication, distribution, etc LONDON
Date of publication, distribution, etc 1949
Name of publisher, distributor, etc THE FOUNTAIN PRESS
365 ## - TRADE PRICE
Price amount 0
630 ## - SUBJECT ADDED ENTRY--UNIFORM TITLE
Uniform title Photography with a Leica
730 ## - ADDED ENTRY--UNIFORM TITLE
Uniform title Photography with a Leica
942 ## - ADDED ENTRY ELEMENTS (KOHA)
Koha item type Book
Holdings
Withdrawn status Lost status Damaged status Not for loan Home library Current library Date acquired Cost, normal purchase price Total Checkouts Full call number Barcode Date last seen Price effective from Koha item type
        Bombay Natural History Society Bombay Natural History Society 06/04/1998 0.00   770 6990 BNHS-6990 04/15/2010 04/15/2010 Book